00654nam a2200205Ia 4500008004100000040001800041041000800059100002100067245006900088260004600157300001800203490004000221500005300261650001500314650001500329650002000344650002500364650003700389700002200426130821s1969 ag gr spa  aCo-BoUCMbspa aspa aVickrey, William aMicro-economíacWilliam Vickrey; traducción por Roberto Bopp aBuenos Aires (Argentina)bAmorrortuc1969 a445 páginas aBiblioteca de Economía Política aBibliografía seleccionada al final del volumen04aDinámica04aEconomía04aMicroeconomía04aTeoría económica04aTeoría económicaxDinámica aBopp, RobertoeTr